| 000 | 004760000a22001570004500 | ||
|---|---|---|---|
| 003 | MACL | ||
| 005 | 20180210125353.0 | ||
| 008 | 180210b xxu||||| |||| 00| 0 eng d | ||
| 040 | _cmacl | ||
| 100 |
_aडॉं निर्मल रमेश _961233 |
||
| 245 | _aकालजयी उज्जियिनी भाग तीन | ||
| 260 |
_bअनविती प्रकाशन _c2005 |
||
| 350 | _a2000 | ||
| 650 |
_aधर्म _970341 |
||
| 942 |
_cHIN _k200 _2ddc |
||
| 999 |
_c11356 _d11356 |
||